Statystyki dla Quiz o Niemczech

Kliknij tutaj aby rozwiązać quiz!

Ogólne statystyki

  • Ten quiz został rozwiązany 18 razy
  • Średni wynik to 15 z 20

Statystyki odpowiedzi

PytanieOdpowiedź% Poprawnych
StolicaBerlin
100%
Land ze stolicą w MonachiumBawaria
94%
Najwyższa liga w piłce nożnej mężczyznBundesliga
94%
Dawna waluta (przed Euro)Marka Niemiecka
94%
Festiwal piwa w MonachiumOktoberfest
88%
Zwierzę w godle państwaOrzeł
88%
Stolica RFN w latach 1949-1990Bonn
82%
Bracia, znani twórcy baśniBracia Grimm
82%
Stolica finansowaFrankfurt nad Menem
82%
Niemiecki odpowiednik premieraKanclerz
76%
Najdłuższe rzekiDunaj
71%
Państwowa linia lotniczaLufthansa
71%
Państwo rządzone przez Fryderyka WielkiegoPrusy
71%
Najdłuższe rzekiRen
71%
Najliczniejsza mniejszość narodowaTurcy
71%
Nazwa dla autostrady w NiemczechAutobahn
65%
Niemcy w języku niemieckimDeutschland
65%
Niemieckie słowo dla kiełbasyWurst
65%
Najdłuższe rzekiŁaba
47%
Siedziba niemieckiego sejmuBundestag
41%

Rozkład punktacji

Percentyl według liczby udzielonych odpowiedzi

Procent ludzi z każdym wynikiem

Twoja historia wyników

Nie rozwiązałeś tego quizu